| 000 | 00606nas a2200217 a 4500 | ||
|---|---|---|---|
| 001 | 000491191 | ||
| 003 | AM-YEHGA | ||
| 005 | 20251014132551.0 | ||
| 008 | 060602c18769999gs mr|p 0 0arm d | ||
| 040 | _aAM-YeHGA | ||
| 041 | 0 | _aarm | |
| 222 | 0 | _aՓորձ | |
| 245 | 0 | 0 |
_aՓորձ : _bԱզգային և գրականական միամսյա հանդես. |
| 260 |
_aՏփխիս : _bԱ.հ., _c1876 - |
||
| 300 | _aհամար. | ||
| 310 | _aՄիամսյա | ||
| 362 | 0 | _a1876 | |
| 650 | 0 | 4 | _aԱմսագիր |
| 650 | 1 | 4 |
_aԳրականություն _vՊարբերականներ _98507 |
| 942 |
_2udc _cCR |
||
| 999 |
_c181007 _d181007 |
||